Normal view
MARC view
Entry Personal Name
001 - CONTROL NUMBER
- control field: 47416
003 - CONTROL NUMBER IDENTIFIER
- control field: ARRUPE
005 - DATE AND TIME OF LATEST TRANSACTION
- control field: 20190722144732.0
008 - FIXED-LENGTH DATA ELEMENTS
- fixed length control field: 190722|| aca||aabn | a|a d
040 ## - CATALOGING SOURCE
- Original cataloging agency: ARRUPE
- Transcribing agency: ARRUPE
100 ## - HEADING--PERSONAL NAME
- Personal name: Mills, C. Wright
- Fuller form of name: (Charles Wright),
- Dates associated with a name: 1916-1962.
670 ## - SOURCE DATA FOUND
- Source citation: Work cat.: (ARRUPE)43199: Mills, C. Wright (Charles Wright), 1916-1962., Power, politics, and people;, 1963.